Lletra a lletra, Fem municipi : projecte de suport a les competències lingüístiques projecte de suport a les competències lingüístiques
Descripción Física:
1 punt de llibre ; il·lustracions ; 20 x 6 cm
Idioma:
Catalán
MARC
| LEADER | 00000nrm a22000007a 4500 | ||
|---|---|---|---|
| 001 | 25905 | ||
| 008 | 220614b spa||||| |||| 00| 0 cat d | ||
| 017 | |a DL B 10488-2017 | ||
| 080 | |a NBM-13-237 | ||
| 245 | |a Lletra a lletra, Fem municipi : |b projecte de suport a les competències lingüístiques | ||
| 260 | |a Barcelona : |b Diputació de Barcelona |c 2017 | ||
| 300 | |a 1 punt de llibre ; |b il·lustracions ; |c 20 x 6 cm | ||
| 650 | 0 | |9 53426 |a Competència i actuació (Lingüística) | |
| 655 | 0 | |a Punts de llibre |9 52700 | |
| 710 | 1 | |9 51838 |a Barcelona (Catalunya : Província). |b Gabinet de Premsa i Comunicació | |
| 942 | |2 udc |c ARXIU |n 1 | ||
| 952 | |0 0 |1 0 |4 0 |6 NBM13237 |7 1 |9 62364 |a Arxiu |b Arxiu |d 2022-06-14 |l 0 |o NBM-13-237 |p 25905 |r 2022-06-14 00:00:00 |w 2022-06-14 |y ARXIU | ||
| 999 | |c 82017 |d 82017 | ||